000 01022nam a2200277 a 4500
001 2145459
003 ARRUPE
005 20160315145032.0
008 980320s1998 ctu b 001 0 eng
010 _a 98060129
020 _a0896229246 (pbk.)
040 _aDLC
_cDLC
050 0 0 _aBT198
_b.L87 1998
082 0 0 _a232/.09/015
_221
100 1 _aLuttenberger, Gerard H.
_922935
245 1 3 _aAn introduction to christology :
_bin the Gospels and early church /
_cGerard H. Luttenberger.
246 1 _iAt head of title:
_aWho do you say that I am?
260 _aMystic, CT :
_bTwenty-Third Publications,
_cc1998.
300 _a382 p. ;
_c23 cm.
504 _aIncludes bibliographical references (p. 376-378) and index.
600 0 0 _aJesus Christ
_xHistory of doctrines
_yEarly church, ca. 30-600.
_93540
600 0 0 _aJesus Christ
_xPerson
_922746
906 _a7
_bcbc
_corignew
_d2
_eopcn
_f19
_gy-gencatlg
942 _2lcc
_cMONOGRAPH
999 _c124374
_d124374